Italian Brainrot - Click Quiz - Statistics

General Stats
  • This quiz has been taken 23,654 times
    718 since last reset
  • The average score is 12 of 18
Answer Stats
Hint Answer % Correct
Ballerina Cappuccina
85%
Cappuccino Assassino
82%
La Vaca Saturno Saturnita
82%
Bombombini Gusini
80%
Tralalero Tralala
79%
Bombardiro Crocodilo
78%
Chimpanzini Bananini
77%
Il Cacto Hipopotamo
77%
Frigo Camelo
76%
Brr Brr Patapim
74%
Lirili Larila
62%
Brii Brii Bicus Dicus Bombicus
52%
Boneca Ambalabu
51%
Frulli Frulla
50%
Trulimero Trulichina
48%
Glorbo
44%
Trippi Troppi
37%
Burbaloni Lulilolli
36%
No matching quizzes found
Score Distribution
Percent of People with Each Score
Percentile by Number Answered
Your Score History
You have not taken this quiz since the last reset